Mechanisms of replication of alpha- and betaherpesviruses and their pathogenesis

Bibliographic Details
Main Authors: Rajčáni, Július, 1937- (Author), Ďurmanová, Vladimíra, 1974- (Author)
Format: Article
Language:Slovak
English
PhysicalDescription:Graf, obr., tab.
ISSN:0006-9248
Subjects:

MARC

LEADER 00000nab a2200000 a 4500
001 vtls000795664
003 SK-MaSNL
005 20260304205729.0
008 250429c2001 xo 0 slo
015 |a SNBRB2002/07-21518 
035 |a CLN000147319 
035 |a urn:nbn:sk:snk-abnxl 
035 |a (urnnbn)urn:nbn:sk:snk:ar-a03foc 
035 |a (uuid)9104139c-d900-4f14-bf7d-6af790cc7c02 
040 |a SNKBUCL  |b slo  |c SNKBUCL  |e AACR2 
041 0 |a eng 
044 |a xo  |c SK 
080 |a 578.82/.83:577.217  |2 1997 
080 |a 577.217  |2 1997 
100 1 |a Rajčáni, Július,  |d 1937-  |4 aut  |9 39647 
245 1 0 |a Mechanisms of replication of alpha- and betaherpesviruses and their pathogenesis  |c J. Rajcani, V. Durmanova 
300 |b Graf, obr., tab. 
504 |a Res. angl. 
504 |a Bibliogr. odkazy 
650 0 7 |a replikácia vírusov  |2 snkbucl  |9 853662 
650 0 7 |a herpesvírus ľudí 1  |2 snkbucl  |9 1411228 
650 0 7 |a herpesvírus ľudí 2  |2 snkbucl  |9 1540202 
650 0 7 |a cytomegalovírusy  |2 snkbucl  |9 932840 
650 0 7 |a glykoproteíny  |2 snkbucl  |9 16261 
650 0 7 |a vírusová latencia  |2 snkbucl  |9 1540203 
655 7 |a články z novín a časopisov  |2 snkbucl  |9 267496 
700 1 |a Ďurmanová, Vladimíra,  |d 1974-  |4 aut  |9 23968 
773 0 |t Bratislavské lekárske listy  |g Roč. 102, č. 11 (2001), s. 505-514  |x 0006-9248 
850 |a Slovenská národná knižnica 
852 |a Slovenská národná knižnica 
954 |a odborná, vedecká literatúra pôvodná (slovenská)  |2 lita 
958 |a article27 
958 |a OND 
958 |a EUIPO 
992 |a RBX 
999 |c 3122721  |d 3124651